Guess Spanish football clubs by image - Statistics

General Stats
  • This quiz has been taken 33 times
  • The average score is 23 of 31
Answer Stats
Picture Answer % Correct
Real Betis
97%
Atlético Madrid
87%
Barcelona
87%
Real Madrid
87%
Real Sociedad
87%
Celta Vigo
83%
Valencia
83%
Villarreal
83%
Athletic Bilbao
80%
Espanyol
80%
Mallorca
80%
Osasuna
80%
Rayo Vallecano
80%
Sevilla
80%
Getafe
77%
Las Palmas
77%
Almeria
73%
Deportivo Alaves
73%
Deportivo La Coruña
73%
Levante
73%
Real Valladolid
73%
Girona
70%
Granada
70%
Malaga
70%
Cadiz
67%
Real Zaragoza
67%
Eibar
60%
Elche
57%
Sporting Gijón
57%
Real Oviedo
53%
Racing Santander
50%
No matching quizzes found
Score Distribution
Percent of People with Each Score
Percentile by Number Answered
Your Score History
You have not taken this quiz